000 00839nam a22003017a 4500
001 BR7702369
003 BR-BrBNA
005 20230928085251.0
007 ta
008 230509b bl.||||| |||| 00| 0 por d
040 _aBR-BrBNA
_bpor
_cBiblioteca Nacional de Agricultura
041 _a(Por)
072 _aF24
090 _ F24 BR7702369
100 1 _aSilva, N.F. da
100 1 _aRodarte, J.F.
100 1 _aCarvalho, M.A. de A.
110 1 _aEscola Superior de Agricultura de Lavras, MG (Brasil). Depto. de Ciencias Exatas
_94355
245 1 _aPlanimetro e sua aplicacao [Topografia; Planimetria]
260 3 _aLavras, MG (Brasil):
_c1977.
300 _a59 p.
500 _a20 illus.
650 _aTOPOGRAFIA
650 _aPLANIMETRIA
650 _aPLANIMETRO
909 _a202309
_bLucia
_c55
_dLucia Elande
942 _cBK
999 _c23575
_d23575